00664nam a2200181 a 450000100100000000500170001000800410002702000150006804000250008308200150010810000290012324500960015226000490024830000270029759000280032495201130035299900170046500004917620201002061718.0190725s1982 dr a 000 spa d a0891589775 aDO-SdBNPbspacBNPHU axxxbW631t aWiarda, Howard J.947980 0aThe Dominican Republic :. :ba caribbean crucible /cHoward J. Wiarda, Michael J. Kryzanek. aBoulder, Colorado, :bWestview Press,c1982. a153 p. :bil ;c23 cm. aInventariado, 2019 / DG 0010718PDaPDbPDcHDd2019-07-25iLF1l0oxxx W631tp49177-10r2020-06-25w2020-06-25yLFPDZNo se presta c48664d48664